000 00313nam a22001337a 4500
008 180115b xxu||||| |||| 00| 0 eng d
020 _a9780321364968
041 _aeng
080 _23rd
_a37
100 _a46
101 _aEDU
245 _aGodd reasons with contemporary arguments
_cFaigley,L
942 _2udc
_cBK
999 _c40257
_d40257